Censo nacional de población, hogares y viviendas 2010: censo del Bicentenario : resultados definitivos, Serie B n§ 2 /
Guardado en:
| Formato: | Libro |
|---|---|
| Idioma: | Spanish |
| Publicado: |
Buenos Aires :
Instituto Nacional de Estadísticas y Censos - INDEC ,
2012
|
| Edición: | 1º ed. |
| Materias: | |
| Etiquetas: |
Agregar Etiqueta
Sin Etiquetas, Sea el primero en etiquetar este registro!
|
| LEADER | 00635nam a22001575a 4500 | ||
|---|---|---|---|
| 001 | DER.der013520 | ||
| 005 | 20171116000000.0 | ||
| 008 | 180615s2012####||||||||||||||||||||spa|| | ||
| 020 | |a 978-950-896-421-2 | ||
| 245 | 1 | 0 | |a Censo nacional de población, hogares y viviendas 2010: censo del Bicentenario : |b resultados definitivos, Serie B n§ 2 / |c Argentina. Instituto Nacional de Estadísticas y Censos |
| 250 | |a 1º ed. | ||
| 260 | |a Buenos Aires : |b Instituto Nacional de Estadísticas y Censos - INDEC , |c 2012 | ||
| 300 | 0 | |a 408 p. | |
| 653 | |a Censos de población | ||
| 653 | |a Censos de viviendas | ||
| 859 | |a DERECHO |b BIB. DERECHO |h 318.2 |i ARG |p 008517 | ||
